MyGZULibrary

The Earth and its peoples : (Record no. 520)

MARC details
000 -LEADER
fixed length control field 01107cam a2200301 i 4500
001 - CONTROL NUMBER
control field 17824619
003 - CONTROL NUMBER IDENTIFIER
control field GZU
005 - DATE AND TIME OF LATEST TRANSACTION
control field 20200903113827.0
008 - FIXED-LENGTH DATA ELEMENTS--GENERAL INFORMATION
fixed length control field 130724t20142015mauab 000 0 eng
010 ## - LIBRARY OF CONGRESS CONTROL NUMBER
LC control number 2013946152
020 ## - INTERNATIONAL STANDARD BOOK NUMBER
International Standard Book Number 9781285445519 (pbk.)
020 ## - INTERNATIONAL STANDARD BOOK NUMBER
International Standard Book Number 1285445511 (pbk.)
040 ## - CATALOGING SOURCE
Original cataloging agency DLC
Language of cataloging eng
Description conventions rda
Transcribing agency DLC
042 ## - AUTHENTICATION CODE
Authentication code pcc
050 00 - LIBRARY OF CONGRESS CALL NUMBER
Classification number D21
Item number EAR 2003
245 04 - TITLE STATEMENT
Title The Earth and its peoples :
Remainder of title a global history /
Statement of responsibility, etc. Richard W. Bulliet, Pamela Kyle Crossley, Daniel R. Headrick, Steven W. Hirsh, Lyman L. Johnson, David Northrup.
250 ## - EDITION STATEMENT
Edition statement Brief edition, sixth edition.
264 #1 - PRODUCTION, PUBLICATION, DISTRIBUTION, MANUFACTURE, AND COPYRIGHT NOTICE
Place of production, publication, distribution, manufacture Stamford, CT :
Name of producer, publisher, distributor, manufacturer Cengage Learning,
Date of production, publication, distribution, manufacture, or copyright notice 2003
300 ## - PHYSICAL DESCRIPTION
Extent 1 volume (various pagings) :
Other physical details illustrations (some color), color maps ;
Dimensions 26 cm
336 ## - CONTENT TYPE
Content type term text
Source rdacontent
337 ## - MEDIA TYPE
Media type term unmediated
Source rdamedia
338 ## - CARRIER TYPE
Carrier type term volume
Source rdacarrier
650 #0 - SUBJECT ADDED ENTRY--TOPICAL TERM
Topical term or geographic name entry element World history.
700 1# - ADDED ENTRY--PERSONAL NAME
Personal name Bulliet, Richard W.
906 ## - LOCAL DATA ELEMENT F, LDF (RLIN)
a 7
b cbc
c orignew
d 3
e epcn
f 20
g y-gencatlg
942 ## - ADDED ENTRY ELEMENTS (KOHA)
Source of classification or shelving scheme Library of Congress Classification
Koha item type Books
Classification part 21
Item part EAR
Call number prefix D
Holdings
Withdrawn status Lost status Damaged status Not for loan Collection code Home library Current library Shelving location Date acquired Total Checkouts Full call number Barcode Date last seen Copy number Price effective from Koha item type
        Non-fiction City Campus Library City Campus Library General Stacks 09/03/2020   D 21 EAR 2003 002470 09/03/2020 c.1 09/03/2020 Books
        Non-fiction City Campus Library City Campus Library General Stacks 09/03/2020   D 21 EAR 2003 B015979 09/03/2020 c.2 09/03/2020 Books
        Non-fiction City Campus Library City Campus Library General Stacks 09/03/2020   D 21 EAR 2003 B016013 09/03/2020 c.3 09/03/2020 Books
        Non-fiction City Campus Library City Campus Library General Stacks 09/03/2020   D 21 EAR 2003 B016016 09/03/2020 c.4 09/03/2020 Books
        Non-fiction City Campus Library City Campus Library General Stacks 09/03/2020   D 21 EAR 2003 B016405 09/03/2020 c.5 09/03/2020 Books
        Non-fiction City Campus Library City Campus Library General Stacks 09/03/2020   D 21 EAR 2003 B016020 09/03/2020 c.6 09/03/2020 Books
        Non-fiction City Campus Library City Campus Library General Stacks 09/03/2020   D 21 EAR 2003 G23007 09/03/2020 c.7 09/03/2020 Books
        Non-fiction City Campus Library City Campus Library General Stacks 09/03/2020   D 21 EAR 2003 B016012 09/03/2020 c.8 09/03/2020 Books
        Non-fiction City Campus Library City Campus Library General Stacks 09/03/2020   D 21 EAR 2003 B015986 09/03/2020 c.9 09/03/2020 Books
        Non-fiction City Campus Library City Campus Library General Stacks 09/03/2020   D 21 EAR 2003 B015984 09/03/2020 c.10 09/03/2020 Books
        Non-fiction City Campus Library City Campus Library General Stacks 09/03/2020   D 21 EAR 2003 B015988 09/03/2020 c.11 09/03/2020 Books
        Non-fiction City Campus Library City Campus Library General Stacks 09/03/2020   D 21 EAR 2003 B016022 09/03/2020 c.12 09/03/2020 Books
        Non-fiction City Campus Library City Campus Library General Stacks 09/03/2020   D 21 EAR 2003 B016023 09/03/2020 C13 09/03/2020 Books
        Non-fiction City Campus Library City Campus Library General Stacks 09/03/2020   D 21 EAR 2003 G22914 09/03/2020 c.14 09/03/2020 Books
        Non-fiction City Campus Library City Campus Library General Stacks 09/03/2020   D 21 EAR 2003 B016731 09/03/2020 c.15 09/03/2020 Books
        Non-fiction City Campus Library City Campus Library General Stacks 09/03/2020   D 21 EAR 2003 B016775 09/03/2020 c.16 09/03/2020 Books
        Non-fiction City Campus Library City Campus Library General Stacks 09/03/2020   D 21 EAR 2003 G22839 09/03/2020 c.17 09/03/2020 Books
        Non-fiction City Campus Library City Campus Library General Stacks 09/03/2020   D 21 EAR 2003 B018505 09/03/2020 C18 09/03/2020 Books